Jogászképzés Magyarországon
Elmentve itt :
| Szerző: | |
|---|---|
| További közreműködők: | |
| Dokumentumtípus: | Szakdolgozat |
| Megjelent: |
2005-03-10
|
| Tárgyszavak: | |
| Online Access: | http://diploma.bibl.u-szeged.hu/28857 |
| LEADER | 00547nta a2200157 i 4500 | ||
|---|---|---|---|
| 001 | dipl28857 | ||
| 005 | 20130314085923.0 | ||
| 008 | 110811s2005 hu om 0|| zxx d | ||
| 040 | |a SZTE Diploma Repozitórium |b hun | ||
| 041 | |a zxx | ||
| 100 | 1 | |a Orgován István | |
| 245 | 1 | 0 | |a Jogászképzés Magyarországon |h [elektronikus dokumentum] / |c István Orgován |
| 260 | |c 2005-03-10 | ||
| 650 | 4 | |a Jogi és igazgatási tanulmányok | |
| 700 | 1 | |a Nagy Zsolt |e ths | |
| 856 | 4 | 0 | |u http://diploma.bibl.u-szeged.hu/id/eprint/28857/1/2005_orgovan_istvan.pdf |z Dokumentum-elérés |